東京ディズニーリゾート テーマパークエリア名 - Statistics

General Stats
  • This quiz has been taken 5 times
  • The average score is 9 of 15
Answer Stats
テーマパーク エリア名 % Correct
ディズニーランド ワールドバザール
100%
ディズニーランド トゥーンタウン
80%
ディズニーランド アドベンチャーランド
60%
ディズニーランド ウエスタンランド
60%
ディズニーランド クリッターカントリー
60%
ディズニーランド ファンタジーランド
60%
ディズニーランド トゥモローランド
60%
ディズニーシー アメリカンウォーターフロント
60%
ディズニーシー ポートディスカバリー
60%
ディズニーシー ロストリバーデルタ
60%
ディズニーシー ファンタジースプリングス
60%
ディズニーシー アラビアンコースト
60%
ディズニーシー ミステリアスアイランド
60%
ディズニーシー メディテレーニアンハーバー
40%
ディズニーシー マーメイドラグーン
40%
No matching quizzes found
Score Distribution
Percent of People with Each Score
Percentile by Number Answered
Your Score History
You have not taken this quiz